Statistics for Current or Former President/Prime Minister

Click here to take the quiz!

General Stats

  • This quiz has been taken 19 times
  • The average score is 8 of 10

Answer Stats

QuestionAnswer% Correct
Chancellor of Germany - Angela MerkelCurrent
100%
President of Russia - Vladimir PutinCurrent
100%
President of the US - Barack ObamaFormer
94%
President of China - Xi JinpingCurrent
82%
Prime Minister of India - Narendra ModiCurrent
71%
Prime Minister of the UK - Theresa MayCurrent
71%
President of Mexico - Felipe CalderonFormer
71%
Prime Minister of Australia - Malcolm TurnbullFormer
65%
President of Italy - Giorgio NapolitanoFormer
65%
Prime Minister of Japan - Yoshihiko NodaFormer
65%

Score Distribution

Percentile by Number Answered

Percent of People with Each Score

Your Score History

You have not taken this quiz